Mainz 05: Alle Torschützen der 2000er - Statistiken

Allgemein
  • Dieses Quiz wurde 43 mal gespielt
  • Das Durchschnittsergebnis liegt bei 18 aus 39
Antwortstatistiken
Pos. Nat. Spieler % Korrekt
ST EGY Mohamed Zidan
91%
ST HUN Adam Szalai
85%
VER MKD Nikolce Noveski
82%
MIT GER Andre Schürrle
79%
VER DEN Bo Svensson
76%
ST BFA Aristide Bance
73%
ST GER Michael Thurk
70%
MIT COL Elkin Soto
67%
MIT AUT Andreas Ivanschitz
61%
MIT BRA Antonio da Silva
58%
MIT GER Christof Babatz
58%
ST GER Benjamin Auer
55%
VER GER Niko Bungert
55%
MIT POL Eugen Polanski
52%
VER GER Marco Rose
52%
MIT GER Fabian Gerber
48%
ST USA Conor Casey
45%
ST HUN Imre Szabics
42%
VER GER Manuel Friedrich
42%
MIT GER Markus Feulner
42%
VER HUN Tamas Bodog
42%
ST GER Niclas Weiland
39%
ST ALG Chadli Amri
36%
MIT CZE Jan Simak
36%
MIT GER Daniel Gunkel
33%
MIT DEN Leon Andreasen
33%
ST CZE Petr Ruman
33%
ST BRA Edu
30%
MIT GER Jürgen Kramny
30%
ST SRB Ranisav Jovanovic
30%
ST GER Tobias Damm
30%
ST GER Claudius Weber
27%
VER GER Mathias Abel
27%
MIT GER Tim Hoogland
27%
VER GER Benjamin Weigelt
24%
MIT GER Mimoun Azaouagh
24%
ST GER Christoph Teinert
21%
VER GER Malik Fathi
21%
ST GER Bakary Diakite
9%
Keine übereinstimmenden Quizze gefunden
Verteilung der Resultate
Anzahl Personen mit jedem Resultat
Perzentil nach korrekt beantworteten Fragen
Ihre Resultats-Entwicklung
Sie haben dieses Quiz noch nicht gespielt